[Event "DSJ Weihnachtsturnier U20w 2020"]
[Site "https://play.chessbase.com/en/play?room=DSJWeihnachtU20w"]
[Date "2020.12.29"]
[Round "1"]
[White "Hubert, Charlotte"]
[Black "Hoffmann, Svenja"]
[Result "1-0"]
[Termination "time forfeit"]
[Board "7.2"]
[WhiteElo "1549"]
[BlackElo "1307"]
[WhiteTeam "Hamburger SK von 1830"]
[BlackTeam "Schachzwerge Magdeburg"]
[PlyCount "63"]
[WhiteFideId "16265920"]
[BlackFideId "16287312"]
[EventRounds "7"]
[EventType "team-swiss"]
[EventDate "2020.12.29"]

1. e4 {[%emt 0:00:04]} e5 {[%emt 0:00:02]} 2. Nf3 {[%emt 0:00:02]} Nc6 { [%emt
0:00:02]} 3. Bb5 {[%emt 0:00:03]} a6 {[%emt 0:00:05]} 4. Ba4 {[%emt 0:00: 01]}
b5 {[%emt 0:00:02]} 5. Bb3 {[%emt 0:00:02]} Na5 {[%emt 0:00:02]} 6. O-O { [%emt
0:00:15]} Bb7 {[%emt 0:00:10]} 7. Re1 {[%emt 0:00:25]} d6 {[%emt 0:00:23] } 8.
d3 {[%emt 0:00:48]} Nf6 {[%emt 0:00:07]} 9. Nbd2 {[%emt 0:00:21]} Be7 { [%emt
0:00:12]} 10. Nf1 {[%emt 0:00:04]} c5 {[%emt 0:00:14]} 11. c3 {[%emt 0: 00:53]}
Nxb3 {[%emt 0:00:06]} 12. axb3 {[%emt 0:00:04]} O-O {[%emt 0:00:08]} 13. Bg5
{[%emt 0:00:19]} h6 {[%emt 0:00:06]} 14. Bxf6 {[%emt 0:00:04]} Bxf6 { [%emt
0:00:03]} 15. c4 {[%emt 0:00:13]} Re8 {[%emt 0:00:54]} 16. Ne3 {[%emt 0:
00:06]} bxc4 {[%emt 0:00:54]} 17. bxc4 {[%emt 0:00:07]} Qb6 {[%emt 0:01:01]}
18. Qc2 {[%emt 0:00:06]} Rad8 {[%emt 0:00:30]} 19. Nd2 {[%emt 0:00:24]} Bg5 {
[%emt 0:00:57]} 20. Nf5 {[%emt 0:00:45]} Bc8 {[%emt 0:00:23]} 21. Ne3 {[%emt 0:
00:17]} Qc7 {[%emt 0:00:36]} 22. Nd5 {[%emt 0:00:10]} Qd7 {[%emt 0:00:23]} 23.
Nb1 {[%emt 0:00:14]} Bb7 {[%emt 0:00:14]} 24. Nbc3 {[%emt 0:00:02]} Qg4 { [%emt
0:00:21]} 25. Qe2 {[%emt 0:00:19]} Qxe2 {[%emt 0:00:20]} 26. Rxe2 { [%emt
0:00:02]} Bxd5 {[%emt 0:00:42]} 27. Nxd5 {[%emt 0:00:02]} Bf4 {[%emt 0: 00:39]}
28. g3 {[%emt 0:00:08]} Bg5 {[%emt 0:00:17]} 29. Rxa6 {[%emt 0:00:15]} Be7
{[%emt 0:00:27]} 30. Ra7 {[%emt 0:00:26]} Bg5 {[%emt 0:00:26]} 31. h4 { [%emt
0:00:10]} Bf6 {[%emt 0:00:06]} 32. Ra6 {[%emt 0:01:55] TimeB} 1-0

[Event "DSJ Weihnachtsturnier U20w 2020"]
[Site "https://play.chessbase.com/en/play?room=DSJWeihnachtU20w"]
[Date "2020.12.29"]
[Round "1"]
[White "Rössling, Laura Marie"]
[Black "Wartenberg, Alissa"]
[Result "0-1"]
[Termination "time forfeit"]
[Board "7.3"]
[WhiteElo "991"]
[BlackElo "1562"]
[WhiteTeam "Schachzwerge Magdeburg"]
[BlackTeam "Hamburger SK von 1830"]
[PlyCount "70"]
[WhiteFideId "16289471"]
[BlackFideId "16280741"]
[EventRounds "7"]
[EventType "team-swiss"]
[EventDate "2020.12.29"]

1. e4 {[%emt 0:00:07]} e5 {[%emt 0:00:02]} 2. Nf3 {[%emt 0:00:04]} Nc6 { [%emt
0:00:02]} 3. Bc4 {[%emt 0:00:04]} Bc5 {[%emt 0:00:03]} 4. c3 {[%emt 0:00: 03]}
Nf6 {[%emt 0:00:04]} 5. d4 {[%emt 0:00:08]} exd4 {[%emt 0:00:05]} 6. cxd4
{[%emt 0:00:05]} Bb4+ {[%emt 0:00:03]} 7. Bd2 {[%emt 0:00:08]} Bxd2+ {[%emt 0:
00:04]} 8. Nbxd2 {[%emt 0:00:06]} O-O {[%emt 0:00:02]} 9. O-O {[%emt 0:00:05]}
h6 {[%emt 0:00:11]} 10. e5 {[%emt 0:00:17]} Nh7 {[%emt 0:00:14]} 11. d5 { [%emt
0:00:13]} Na5 {[%emt 0:00:07]} 12. Bb3 {[%emt 0:00:36]} Nxb3 {[%emt 0:00: 04]}
13. Qxb3 {[%emt 0:00:18]} d6 {[%emt 0:00:22]} 14. e6 {[%emt 0:00:35]} fxe6
{[%emt 0:00:15]} 15. dxe6 {[%emt 0:00:05]} Qe7 {[%emt 0:00:08]} 16. Rfe1 {
[%emt 0:00:10]} Kh8 {[%emt 0:00:09]} 17. Re4 {[%emt 0:00:42]} Nf6 {[%emt 0:00:
20]} 18. Nh4 {[%emt 0:01:34]} Kh7 {[%emt 0:01:49]} 19. Qd3 {[%emt 0:01:42]}
Nxe4 {[%emt 0:00:27]} 20. Qxe4+ {[%emt 0:00:04]} Kg8 {[%emt 0:00:06]} 21. Ng6 {
[%emt 0:00:06]} Qxe6 {[%emt 0:00:15]} 22. Nxf8 {[%emt 0:00:05]} Qxe4 {[%emt 0:
00:08]} 23. Nxe4 {[%emt 0:00:03]} Kxf8 {[%emt 0:00:03]} 24. Re1 {[%emt 0:00:05]
} b6 {[%emt 0:00:17]} 25. f3 {[%emt 0:00:47]} Bb7 {[%emt 0:00:05]} 26. Nc3 {
[%emt 0:00:44] Magdebg1-003 offers a draw} Kf7 {[%emt 0:00:19]} 27. Nb5 { [%emt
0:00:11]} Rc8 {[%emt 0:00:28]} 28. Nxa7 {[%emt 0:00:13]} Ra8 {[%emt 0:00: 06]}
29. Nb5 {[%emt 0:00:07]} Rxa2 {[%emt 0:00:09]} 30. Rc1 {[%emt 0:00:21]} Rxb2
{[%emt 0:01:00]} 31. Rxc7+ {[%emt 0:00:04]} Kf6 {[%emt 0:00:06]} 32. Nxd6
{[%emt 0:00:11]} Ba6 {[%emt 0:00:49]} 33. Ne4+ {[%emt 0:00:28]} Kg6 {[%emt 0:
00:10]} 34. h4 {[%emt 0:00:02]} Bd3 {[%emt 0:00:32]} 35. h5+ {[%emt 0:00:24]}
Kxh5 {[%emt 0:00:26] TimeW} 0-1

[Event "DSJ Weihnachtsturnier U20w 2020"]
[Site "https://play.chessbase.com/en/play?room=DSJWeihnachtU20w"]
[Date "2020.12.29"]
[Round "1"]
[White "Genova, Magdalina"]
[Black "Nönnig, Lotte"]
[Result "1-0"]
[Termination "normal"]
[Board "7.4"]
[WhiteElo "1341"]
[BlackElo "768"]
[WhiteTeam "Hamburger SK von 1830"]
[BlackTeam "Schachzwerge Magdeburg"]
[PlyCount "79"]
[WhiteFideId "2919753"]
[BlackFideId "34611509"]
[EventRounds "7"]
[EventType "team-swiss"]
[EventDate "2020.12.29"]

1. c4 {[%emt 0:00:03]} e5 {[%emt 0:00:06]} 2. Nc3 {[%emt 0:00:04]} Nf6 { [%emt
0:00:04]} 3. Nf3 {[%emt 0:01:18]} Nc6 {[%emt 0:00:04]} 4. d3 {[%emt 0:00: 10]}
Bb4 {[%emt 0:00:06]} 5. Bd2 {[%emt 0:00:11]} Bxc3 {[%emt 0:00:05]} 6. Bxc3
{[%emt 0:00:00]} O-O {[%emt 0:00:08]} 7. Nxe5 {[%emt 0:00:49]} Nxe5 {[%emt 0:
00:09]} 8. Bxe5 {[%emt 0:00:02]} Qe7 {[%emt 0:00:09]} 9. Bxc7 {[%emt 0:00:38]}
Qb4+ {[%emt 0:00:27]} 10. Qd2 {[%emt 0:00:08]} Qxd2+ {[%emt 0:00:06]} 11. Kxd2
{[%emt 0:00:00]} d6 {[%emt 0:00:07]} 12. Bxd6 {[%emt 0:00:30]} Re8 {[%emt 0:00:
38]} 13. e3 {[%emt 0:01:15]} h6 {[%emt 0:00:21]} 14. Be2 {[%emt 0:00:04]} Bg4 {
[%emt 0:00:15]} 15. Rhd1 {[%emt 0:00:41]} Bxe2 {[%emt 0:00:07]} 16. Kxe2 {
[%emt 0:00:00]} Rad8 {[%emt 0:00:17]} 17. Bg3 {[%emt 0:00:06]} Ng4 {[%emt 0:00:
13]} 18. h3 {[%emt 0:00:11]} Ne5 {[%emt 0:00:10]} 19. Rac1 {[%emt 0:00:34]} Nc6
{[%emt 0:00:13]} 20. a3 {[%emt 0:00:16]} Rd7 {[%emt 0:00:15]} 21. b4 {[%emt 0:
00:09]} a5 {[%emt 0:00:06]} 22. b5 {[%emt 0:00:08]} Ne5 {[%emt 0:00:07]} 23. d4
{[%emt 0:00:07]} Ng6 {[%emt 0:00:21]} 24. c5 {[%emt 0:00:09]} Rd5 {[%emt 0:00:
29]} 25. f3 {[%emt 0:00:58]} a4 {[%emt 0:01:03]} 26. Rc4 {[%emt 0:00:33]} h5 {
[%emt 0:00:25]} 27. Kf2 {[%emt 0:00:27]} h4 {[%emt 0:00:35]} 28. Bd6 {[%emt 0:
00:02]} Rd8 {[%emt 0:00:55]} 29. e4 {[%emt 0:00:03]} Rg5 {[%emt 0:00:30]} 30.
d5 {[%emt 0:00:21]} b6 {[%emt 0:00:22]} 31. c6 {[%emt 0:00:18]} Rxd6 {[%emt 0:
00:11]} 32. c7 {[%emt 0:00:02]} Ne7 {[%emt 0:00:18]} 33. f4 {[%emt 0:00:12]}
Rgg6 {[%emt 0:00:26]} 34. e5 {[%emt 0:00:02]} Rd7 {[%emt 0:00:34]} 35. d6 {
[%emt 0:00:04]} Kh7 {[%emt 0:00:34]} 36. Rdc1 {[%emt 0:00:27]} Kh6 {[%emt 0:00:
10]} 37. dxe7 {[%emt 0:00:01]} Kh7 {[%emt 0:00:02]} 38. c8=Q {[%emt 0:00:02]}
Kh6 {[%emt 0:00:02]} 39. e8=Q {[%emt 0:00:01]} Kh7 {[%emt 0:00:02]} 40. Qh8# {
[%emt 0:00:01]} 1-0

[Event "DSJ Weihnachtsturnier U20w 2020"]
[Site "https://play.chessbase.com/en/play?room=DSJWeihnachtU20w"]
[Date "2020.12.29"]
[Round "1"]
[White "Roncea, Andrea-Alexandra"]
[Black "Schilay, Maria"]
[Result "1-0"]
[Termination "normal"]
[Board "8.1"]
[WhiteElo "1619"]
[BlackElo "1448"]
[WhiteTeam "SC Papenburg"]
[BlackTeam "Schach-Club Vaterstetten-Grasbrunn"]
[PlyCount "74"]
[WhiteFideId "16233115"]
[BlackFideId "12942979"]
[EventRounds "7"]
[EventType "team-swiss"]
[EventDate "2020.12.29"]

1. e4 {[%emt 0:00:05] Vater1-001 reconnected.} e5 {[%emt 0:02:44]} 2. Nf3
{[%emt 0:00:04]} Nc6 {[%emt 0:00:03]} 3. Bc4 {[%emt 0:00:02]} Nf6 {[%emt
0:00:01]} 4. d3 {[%emt 0:00:02]} Bc5 { [%emt 0:00:03]} 5. Bb3 {[%emt 0:00:03]}
d6 {[%emt 0:00:04]} 6. c3 {[%emt 0:00: 06]} Bb6 {[%emt 0:00:08]} 7. O-O {[%emt
0:00:06]} O-O {[%emt 0:00:02]} 8. Nbd2 {[%emt 0:00:07]} Be6 {[%emt 0:00:10]} 9.
Bc2 {[%emt 0:00:03]} Re8 {[%emt 0:00: 09]} 10. h3 {[%emt 0:00:04]} d5 {[%emt
0:00:06]} 11. exd5 {[%emt 0:00:05]} Qxd5 {[%emt 0:00:10]} 12. Re1 {[%emt
0:00:19]} Bf5 {[%emt 0:00:03]} 13. Ne4 { [%emt 0:00:38]} Nd7 {[%emt 0:00:42]}
14. Bb3 {[%emt 0:00:11]} Qa5 {[%emt 0:00: 24]} 15. Bc4 {[%emt 0:00:26]} Bxf2+
{[%emt 0:01:52]} 16. Kxf2 {[%emt 0:00:08]} Qb6+ {[%emt 0:00:02]} 17. Kf1 {[%emt
0:00:09]} Ne7 {[%emt 0:00:13]} 18. Neg5 { [%emt 0:00:29]} Bg6 {[%emt 0:00:10]}
19. b4 {[%emt 0:00:49]} Qf6 {[%emt 0:00: 19]} 20. Ne4 {[%emt 0:00:24]} Qf5
{[%emt 0:00:08]} 21. Ng3 {[%emt 0:00:22]} Qf6 {[%emt 0:00:11]} 22. Bg5 {[%emt
0:00:14]} Qb6 {[%emt 0:00:02]} 23. a4 {[%emt 0: 00:16]} a5 {[%emt 0:00:03]} 24.
Be3 {[%emt 0:00:13]} Qc6 {[%emt 0:00:17]} 25. b5 {[%emt 0:00:14]} Qb6 {[%emt
0:00:12]} 26. Bxb6 {[%emt 0:00:02]} Nxb6 { [%emt 0:00:03]} 27. Bb3 {[%emt
0:00:01]} c6 {[%emt 0:00:04]} 28. bxc6 {[%emt 0: 00:07]} Nxc6 {[%emt 0:00:00]}
29. Nh4 {[%emt 0:00:09]} Rad8 {[%emt 0:00:09]} 30. Nxg6 {[%emt 0:00:03]} hxg6
{[%emt 0:00:00]} 31. Qg4 {[%emt 0:00:10]} Re6 { [%emt 0:00:08]} 32. Bxe6 {[%emt
0:00:03]} fxe6 {[%emt 0:00:18]} 33. Qxe6+ { [%emt 0:00:03]} Kh7 {[%emt
0:00:06]} 34. Rab1 {[%emt 0:00:04]} Rf8+ {[%emt 0: 00:26]} 35. Kg1 {[%emt
0:00:04]} Nxa4 {[%emt 0:00:08]} 36. Rxb7 {[%emt 0:00:09] } Nd8 {[%emt 0:00:02]}
37. Qe7 {[%emt 0:00:14]} Rg8 {[%emt 0:00:06]

[Event "DSJ Weihnachtsturnier U20w 2020"]
[Site "https://play.chessbase.com/en/play?room=DSJWeihnachtU20w"]
[Date "2020.12.29"]
[Round "1"]
[White "Röll, Lea"]
[Black "Zöllner, Bente"]
[Result "0-1"]
[Termination "normal"]
[Board "8.2"]
[WhiteElo "1079"]
[BlackElo "1614"]
[WhiteTeam "Schach-Club Vaterstetten-Grasbrunn"]
[BlackTeam "SC Papenburg"]
[PlyCount "68"]
[WhiteFideId "16255437"]
[BlackFideId "16230523"]
[EventRounds "7"]
[EventType "team-swiss"]
[EventDate "2020.12.29"]

1. d4 {[%emt 0:00:08]} Nf6 {[%emt 0:00:04]} 2. c4 { [%emt 0:00:02]} c5 {[%emt
0:00:03]} 3. Nf3 {[%emt 0:00:07]} cxd4 {[%emt 0:00: 05]} 4. Nxd4 {[%emt
0:00:03]} Nc6 {[%emt 0:00:01]} 5. Bg5 {[%emt 0:00:06]} g6 { [%emt 0:00:05]} 6.
Nc3 {[%emt 0:00:10]} Bg7 {[%emt 0:00:05]} 7. e3 {[%emt 0:00: 16]} O-O {[%emt
0:00:14]} 8. Bd3 {[%emt 0:00:19]} d6 {[%emt 0:00:32]} 9. O-O { [%emt 0:00:07]}
Bd7 {[%emt 0:00:56]} 10. Qd2 {[%emt 0:00:26]} Qa5 {[%emt 0:00: 48]} 11. Rfd1
{[%emt 0:00:50]} Qxg5 {[%emt 0:00:42]} 12. Ne4 {[%emt 0:00:51]} Nxe4 {[%emt
0:00:28]} 13. Bxe4 {[%emt 0:00:08]} Nxd4 {[%emt 0:00:28]} 14. exd4 {[%emt
0:00:10]} Qxd2 {[%emt 0:00:05]} 15. Rxd2 {[%emt 0:00:02]} Bc6 {[%emt 0: 00:03]}
16. Bc2 {[%emt 0:00:16]} b5 {[%emt 0:00:37]} 17. cxb5 {[%emt 0:00:08]} Bxb5
{[%emt 0:00:04]} 18. Re1 {[%emt 0:00:12]} e6 {[%emt 0:00:15]} 19. d5 { [%emt
0:00:09]} Bxb2 {[%emt 0:00:37]} 20. dxe6 {[%emt 0:00:06]} Bc3 {[%emt 0: 00:06]}
21. exf7+ {[%emt 0:00:14]} Kxf7 {[%emt 0:00:12]} 22. Bb3+ {[%emt 0:00: 09]} Kg7
{[%emt 0:00:23]} 23. Re7+ {[%emt 0:00:05]} Kh6 {[%emt 0:00:09]} 24. Rd5 {[%emt
0:00:21]} Bc6 {[%emt 0:00:23]} 25. Rd3 {[%emt 0:00:34]} Bb4 { [%emt 0:00:08]}
26. h4 {[%emt 0:00:18]} Bc5 {[%emt 0:00:16]} 27. Rd2 {[%emt 0: 00:15]} Rf6
{[%emt 0:00:27]} 28. g4 {[%emt 0:00:20]} g5 {[%emt 0:00:42]} 29. hxg5+ {[%emt
0:00:09]} Kxg5 {[%emt 0:00:00]} 30. Rg7+ {[%emt 0:00:09]} Rg6 { [%emt 0:00:05]}
31. Rxg6+ {[%emt 0:00:08]} hxg6 {[%emt 0:00:00]} 32. Be6 { [%emt 0:00:13]} Rh8
{[%emt 0:00:21]} 33. Kf1 {[%emt 0:00:32]} Bf3 {[%emt 0:00: 09]} 34. Bd5 {[%emt
0:01:32]} Rh1# {[%emt 0:00:05]

[Event "DSJ Weihnachtsturnier U20w 2020"]
[Site "https://play.chessbase.com/en/play?room=DSJWeihnachtU20w"]
[Date "2020.12.29"]
[Round "1"]
[White "Evering, Enna"]
[Black "Röll, Laura"]
[Result "1-0"]
[Termination "normal"]
[Board "8.3"]
[WhiteElo "1568"]
[BlackElo "1038"]
[WhiteTeam "SC Papenburg"]
[BlackTeam "Schach-Club Vaterstetten-Grasbrunn"]
[PlyCount "95"]
[WhiteFideId "16218213"]
[BlackFideId "16213394"]
[EventRounds "7"]
[EventType "team-swiss"]
[EventDate "2020.12.29"]

1. e4 {[%emt 0:00:06]} e6 {[%emt 0:00:10]} 2. d4 {[%emt 0:00:03]} d5 {[%emt 0:
00:02]} 3. Nc3 {[%emt 0:00:03]} Bb4 {[%emt 0:00:21]} 4. e5 {[%emt 0:00:04]} Ne7
{[%emt 0:00:07]} 5. a3 {[%emt 0:00:04]} Bxc3+ {[%emt 0:00:02]} 6. bxc3 { [%emt
0:00:03]} O-O {[%emt 0:00:02]} 7. Nf3 {[%emt 0:00:03]} Nd7 {[%emt 0:00: 18]} 8.
Bd3 {[%emt 0:00:05]} c5 {[%emt 0:00:07]} 9. O-O {[%emt 0:00:19]} c4 { [%emt
0:00:32]} 10. Be2 {[%emt 0:00:02]} Nb6 {[%emt 0:00:16]} 11. Bb2 {[%emt 0:
00:13]} Bd7 {[%emt 0:00:11]} 12. Re1 {[%emt 0:00:06]} Na4 {[%emt 0:00:07]} 13.
Rb1 {[%emt 0:00:11]} b5 {[%emt 0:00:20]} 14. Qd2 {[%emt 0:00:33]} Rb8 {[%emt 0:
00:13]} 15. Ba1 {[%emt 0:00:16]} a6 {[%emt 0:00:24]} 16. Rb4 {[%emt 0:00:21]}
Nc6 {[%emt 0:00:22]} 17. Rbb1 {[%emt 0:00:07]} Qe7 {[%emt 0:00:24]} 18. Qc1 {
[%emt 0:00:04]} a5 {[%emt 0:00:29]} 19. Bb2 {[%emt 0:00:08]} b4 {[%emt 0:00:37]
} 20. cxb4 {[%emt 0:00:34]} axb4 {[%emt 0:00:06]} 21. axb4 {[%emt 0:00:17]}
Nxb2 {[%emt 0:00:10]} 22. Rxb2 {[%emt 0:00:17]} Nxb4 {[%emt 0:00:09]} 23. Qb1 {
[%emt 0:00:08]} Ba4 {[%emt 0:00:17]} 24. c3 {[%emt 0:00:30]} Na6 {[%emt 0:00:
20]} 25. Rxb8 {[%emt 0:00:13]} Rxb8 {[%emt 0:00:06]} 26. Qa2 {[%emt 0:00:05]}
Bb5 {[%emt 0:00:14]} 27. Rb1 {[%emt 0:00:06]} Qd7 {[%emt 0:00:14]} 28. h3 {
[%emt 0:00:15]} Ra8 {[%emt 0:00:18]} 29. Qb2 {[%emt 0:00:33]} Ba4 {[%emt 0:00:
17]} 30. Bd1 {[%emt 0:00:21]} h6 {[%emt 0:00:27]} 31. Bxa4 {[%emt 0:00:10]}
Qxa4 {[%emt 0:00:03]} 32. Ra1 {[%emt 0:00:11]} Qd7 {[%emt 0:00:20]} 33. Ra3 {
[%emt 0:01:05]} Qd8 {[%emt 0:00:25]} 34. Qa1 {[%emt 0:00:10]} Nc7 {[%emt 0:00:
04]} 35. Rxa8 {[%emt 0:00:10]} Qxa8 {[%emt 0:00:12]} 36. Qb2 {[%emt 0:00:02]}
Qe8 {[%emt 0:00:15]} 37. Ne1 {[%emt 0:00:22]} Nb5 {[%emt 0:00:11]} 38. Nc2 {
[%emt 0:00:12]} Qc6 {[%emt 0:00:20]} 39. Nb4 {[%emt 0:00:03]} Qb6 {[%emt 0:00:
09]} 40. Qa2 {[%emt 0:00:13]} Kh7 {[%emt 0:00:08]} 41. Qc2+ {[%emt 0:00:12]}
Kh8 {[%emt 0:00:06]} 42. Kf1 {[%emt 0:00:06]} Na3 {[%emt 0:00:08]} 43. Qa2 {
[%emt 0:00:19]} Qa5 {[%emt 0:00:08]} 44. Nc2 {[%emt 0:00:21]} Qxc3 {[%emt 0:00:
18]} 45. Nxa3 {[%emt 0:00:12]} Qc1+ {[%emt 0:00:06]} 46. Ke2 {[%emt 0:00:02]}
Kh7 {[%emt 0:00:09]} 47. Qc2+ {[%emt 0:00:06]} Kh8 {[%emt 0:00:09]} 48. Qxc1 {
[%emt 0:00:02]} 1-0

[Event "DSJ Weihnachtsturnier U20w 2020"]
[Site "https://play.chessbase.com/en/play?room=DSJWeihnachtU20w"]
[Date "2020.12.29"]
[Round "1"]
[White "Gubler, Katharina"]
[Black "Ley, Sabrina"]
[Result "0-1"]
[Termination "normal"]
[Board "9.1"]
[WhiteElo "1330"]
[BlackElo "1866"]
[WhiteTeam "SK Kelheim 1920"]
[BlackTeam "SC Landskrone"]
[PlyCount "144"]
[WhiteFideId "16282990"]
[BlackFideId "12938130"]
[EventRounds "7"]
[EventType "team-swiss"]
[EventDate "2020.12.29"]

1. e4 {[%emt 0:00:08]} d5 {[%emt 0:00:04]} 2. exd5 {[%emt 0:00:05]} Qxd5 {
[%emt 0:00:00]} 3. Nc3 {[%emt 0:00:02]} Qd6 {[%emt 0:00:02]} 4. d4 {[%emt 0:00:
04]} Nf6 {[%emt 0:00:02]} 5. Nf3 {[%emt 0:00:10]} a6 {[%emt 0:00:02]} 6. Bc4 {
[%emt 0:00:07]} b5 {[%emt 0:00:02]} 7. Bb3 {[%emt 0:00:07]} Bb7 {[%emt 0:00:02]
} 8. O-O {[%emt 0:00:17]} e6 {[%emt 0:00:02]} 9. Re1 {[%emt 0:00:05]} Nbd7 {
[%emt 0:00:03]} 10. Bg5 {[%emt 0:00:18]} c5 {[%emt 0:00:29]} 11. dxc5 {[%emt 0:
00:19]} Qxd1 {[%emt 0:00:07]} 12. Raxd1 {[%emt 0:00:03]} Bxc5 {[%emt 0:00:03]}
13. Ne5 {[%emt 0:00:35]} Nxe5 {[%emt 0:00:41]} 14. Rxe5 {[%emt 0:00:08]} Bb6 {
[%emt 0:00:25]} 15. Re2 {[%emt 0:00:30]} h6 {[%emt 0:00:55]} 16. Bf4 {[%emt 0:
00:15]} O-O {[%emt 0:00:23]} 17. Red2 {[%emt 0:00:20]} Rfd8 {[%emt 0:00:36]}
18. a4 {[%emt 0:00:32]} b4 {[%emt 0:00:20]} 19. Na2 {[%emt 0:00:32]} Rxd2 {
[%emt 0:00:10]} 20. Rxd2 {[%emt 0:00:09]} Ne4 {[%emt 0:00:07]} 21. Re2 { [%emt
0:00:27]} Rd8 {[%emt 0:00:27]} 22. c3 {[%emt 0:00:18]} Nc5 {[%emt 0:00: 39]}
23. h3 {[%emt 0:01:18]} Nxb3 {[%emt 0:00:09]} 24. Nxb4 {[%emt 0:00:02]} Nc5
{[%emt 0:00:25]} 25. Be3 {[%emt 0:00:48]} Nxa4 {[%emt 0:00:20]} 26. Bxb6 {
[%emt 0:00:32]} Nxb6 {[%emt 0:00:03]} 27. Nc2 {[%emt 0:00:08]} a5 {[%emt 0:00:
28]} 28. Nd4 {[%emt 0:00:04]} a4 {[%emt 0:00:17]} 29. Rc2 {[%emt 0:00:15]} Nc4
{[%emt 0:00:18]} 30. b3 {[%emt 0:00:31]} axb3 {[%emt 0:00:06]} 31. Nxb3 { [%emt
0:00:05]} e5 {[%emt 0:00:44]} 32. f3 {[%emt 0:00:16]} Bc6 {[%emt 0:00:08] } 33.
Rc1 {[%emt 0:00:17]} Ba4 {[%emt 0:00:24]} 34. Nc5 {[%emt 0:00:08]} Rd1+ { [%emt
0:00:19]} 35. Rxd1 {[%emt 0:00:08]} Bxd1 {[%emt 0:00:01]} 36. Kf2 { [%emt
0:00:04]} Bc2 {[%emt 0:00:06]} 37. Ke2 {[%emt 0:00:09]} Kf8 {[%emt 0:00: 09]}
38. Ne4 {[%emt 0:00:08]} Ke7 {[%emt 0:00:21]} 39. Nd2 {[%emt 0:00:05]} Nxd2
{[%emt 0:00:10]} 40. Kxd2 {[%emt 0:00:02]} Bf5 {[%emt 0:00:07]} 41. Ke3 { [%emt
0:00:02]} Kd6 {[%emt 0:00:03]} 42. f4 {[%emt 0:00:02]} exf4+ {[%emt 0:00: 18]}
43. Kxf4 {[%emt 0:00:02]} Bg6 {[%emt 0:00:02]} 44. Ke3 {[%emt 0:00:03]} Kc5
{[%emt 0:00:01]} 45. Kd2 {[%emt 0:00:04]} Kc4 {[%emt 0:00:01]} 46. g3 { [%emt
0:00:04]} Be4 {[%emt 0:00:08]} 47. h4 {[%emt 0:00:04]} Bf5 {[%emt 0:00: 06]}
48. h5 {[%emt 0:00:03]} Bg4 {[%emt 0:00:02]} 49. Ke3 {[%emt 0:00:03]} Bxh5
{[%emt 0:00:02]} 50. Kd2 {[%emt 0:00:02]} g5 {[%emt 0:00:02]} 51. Ke3 {[%emt 0:
00:02]} Kxc3 {[%emt 0:00:01]} 52. Ke4 {[%emt 0:00:02]} Kd2 {[%emt 0:00:02]} 53.
Kf5 {[%emt 0:00:02]} Bg6+ {[%emt 0:00:05]} 54. Kf6 {[%emt 0:00:03]} Ke2 { [%emt
0:00:03]} 55. g4 {[%emt 0:00:02]} Kf3 {[%emt 0:00:01]} 56. Kg7 {[%emt 0:
00:02]} Kxg4 {[%emt 0:00:01]} 57. Kxh6 {[%emt 0:00:01]} Bb1 {[%emt 0:00:04]}
58. Kg7 {[%emt 0:00:02]} f5 {[%emt 0:00:01]} 59. Kf6 {[%emt 0:00:02]} f4 {
[%emt 0:00:01]} 60. Ke5 {[%emt 0:00:02]} f3 {[%emt 0:00:01]} 61. Kd4 {[%emt 0:
00:02]} f2 {[%emt 0:00:01]} 62. Ke5 {[%emt 0:00:02]} f1=Q {[%emt 0:00:02]} 63.
Kd4 {[%emt 0:00:01]} Kf4 {[%emt 0:00:04]} 64. Kd5 {[%emt 0:00:01]} g4 {[%emt 0:
00:05]} 65. Kd4 {[%emt 0:00:02]} g3 {[%emt 0:00:01]} 66. Kd5 {[%emt 0:00:02]}
g2 {[%emt 0:00:01]} 67. Kd6 {[%emt 0:00:01]} g1=Q {[%emt 0:00:02]} 68. Kd5 {
[%emt 0:00:02]} Qd3+ {[%emt 0:00:03]} 69. Ke6 {[%emt 0:00:02]} Qge3+ {[%emt 0:
00:03]} 70. Kf6 {[%emt 0:00:02]} Qf5+ {[%emt 0:00:01]} 71. Kg7 {[%emt 0:00:02]}
Qg3+ {[%emt 0:00:01]} 72. Kh6 {[%emt 0:00:02]} Qfg6# {[%emt 0:00:02]} 0-1